Contra genio, corazón (Record no. 115350)

MARC details
000 -LEADER
campo de control de longitud fija 00681nam a2200217 i 4500
001 - NÚMERO DE CONTROL
campo de control 115350
003 - IDENTIFICADOR DE NÚMERO DE CONTROL
campo de control ES-MaACL
005 - FECHA Y HORA DE LA ÚLTIMA TRANSACCIÓN
campo de control 20250825062548.0
007 - CAMPO FIJO DE DESCRIPCIÓN FÍSICA--INFORMACIÓN GENERAL
campo de control de longitud fija t|
008 - DATOS DE LONGITUD FIJA--INFORMACIÓN GENERAL
campo de control de longitud fija 070307s1928 sp ||||1| spa d
080 ## - NÚMERO DE LA CLASIFICACIÓN DECIMAL UNIVERSAL
Número de la Clasificación Decimal Universal 821.134.2-22
100 1# - ENTRADA PRINCIPAL--NOMBRE DE PERSONA
Nombre de persona Uriarte, Luis.
9 (RLIN) 112150
245 10 - MENCIÓN DEL TÍTULO
Título Contra genio, corazón
Resto del título : comedia en tres actos /
Mención de responsabilidad, etc. Luis Uriarte.
260 ## - PUBLICACIÓN, DISTRIBUCIÓN, ETC.
Lugar de publicación, distribución, etc. Madrid :
Nombre del editor, distribuidor, etc. Prensa Moderna,
Fecha de publicación, distribución, etc. 1928.
300 ## - DESCRIPCIÓN FÍSICA
Extensión 68 p. ;
Dimensiones 17 cm.
490 1# - MENCIÓN DE SERIE
Mención de serie El Teatro moderno ;
Designación de volumen o secuencia 128
500 ## - NOTA GENERAL
Nota general Estrenada en el Teatro Chueca, de Madrid, el 14 de febrero de 1928.
830 03 - PUNTO DE ACCESO ADICIONAL DE SERIE-TÍTULO UNIFORME
Título uniforme El teatro moderno (Prensa Moderna)
Designación de volumen o secuencia 128
9 (RLIN) 182365
852 ## - LOCALIZACIÓN
Ubicación ES-MaACL
Número de control de estantería C-13033
Holdings
Estatus retirado Estado de pérdida Estado de daño No para préstamo Biblioteca de origen Biblioteca actual Ubicación en estantería Fecha de adquisición Fuente de adquisición Total de préstamos Signatura topográfica completa Código de barras Visto por última vez Precio de reemplazo Tipo de ítem Koha
        Biblioteca del Ateneo de Madrid Biblioteca del Ateneo de Madrid Sala Palomar 17/01/2008     C-13033 1120275 23/02/2023 23/02/2023 Libro impreso